[Event "RUS-ch U18 Girls"]
[Site "Dagomys"]
[Date "2004.04.??"]
[Round "?"]
[White "Pakhomova, Ekaterina"]
[Black "Gorlova, Marina"]
[Result "1-0"]
[WhiteElo "2099"]
[BlackElo "1855"]
[PlyCount "73"]
[EventDate "2004.04.??"]
[EventType "swiss"]
[EventRounds "10"]
[EventCountry "RUS"]
[SourceTitle "EXT 2005"]
[Source "ChessBase"]
[SourceDate "2004.11.15"]
[SourceVersion "1"]
[SourceVersionDate "2004.11.15"]
[SourceQuality "1"]

1. d4 Nf6 2. c4 g6 3. g3 Bg7 4. Bg2 d5 5. Nf3 0-0 6. 0-0 c5 7. dxc5 Na6 8. Nc3 dxc4 9. c6 bxc6 10. Ne5 Qc7 11. Nxc6 Bh3 12. Bxh3 Qxc6 13. Bg2 Qe6 14. Bxa8 Rxa8 15. Kg2 Nc5 16. Be3 Qc6+ 17. f3 Ne6 18. Qa4 Qxa4 19. Nxa4 Nd5 20. Bf2 Rb8 21. Rfd1 Nb4 22. a3 Nc6 23. Rac1 Ne5 24. f4 Ng4 25. Rxc4 Nxf2 26. Kxf2 Bxb2 27. Nxb2 Rxb2 28. Rd7 a5 29. Ra7 Rb5 30. Ra4 Nc5 31. R4xa5 Ne4+ 32. Ke3 Rxa5 33. Rxa5 Nd6 34. Ra8+ Kg7 35. a4 Kf6 36. a5 Ke6 37. a6 1-0

[Event "RUS-ch U18 Girls"]
[Site "Dagomys"]
[Date "2004.04.??"]
[Round "?"]
[White "Popova, Elena"]
[Black "Gorlova, Marina"]
[Result "1-0"]
[WhiteElo "2028"]
[BlackElo "1855"]
[PlyCount "41"]
[EventDate "2004.04.??"]
[EventType "swiss"]
[EventRounds "10"]
[EventCountry "RUS"]
[SourceTitle "EXT 2005"]
[Source "ChessBase"]
[SourceDate "2004.11.15"]
[SourceVersion "1"]
[SourceVersionDate "2004.11.15"]
[SourceQuality "1"]

1. e4 e6 2. d4 d5 3. Nc3 Bb4 4. e5 c5 5. Bd2 Ne7 6. Nb5 Bxd2+ 7. Qxd2 0-0 8. dxc5 Nd7 9. Qc3 Nc6 10. f4 Qe7 11. Nd6 Rd8 12. Nf3 Nf8 13. Bd3 Ng6 14. Bxg6 hxg6 15. Qd3 Nb4 16. Qc3 Nc6 17. h4 Qc7 18. h5 gxh5 19. Rxh5 Qa5 20. Qxa5 Nxa5 21. 0-0-0 1-0